[Event "Bethune op"]
[Site "Bethune"]
[Date "1997.12.30"]
[Round "7"]
[White "Renard, Stephane"]
[Black "Gondry, Frederic"]
[Result "1-0"]
[WhiteElo "1850"]
[BlackElo "1461"]
[PlyCount "43"]
[EventDate "1997.12.26"]
[EventType "swiss"]
[EventRounds "7"]
[EventCountry "FRA"]
[SourceTitle "EXT 2020"]
[Source "ChessBase"]
[SourceDate "2019.10.17"]
[SourceVersion "1"]
[SourceVersionDate "2019.10.17"]
[SourceQuality "1"]

1. e4 c5 2. c3 d5 3. exd5 Qxd5 4. d4 cxd4 5. cxd4 Nf6 6. Nc3 Qd8 7. Bc4 e6 8. Nf3 Be7 9. 0-0 0-0 10. Bg5 Nbd7 11. Rc1 Nb6 12. Bb3 Nfd5 13. Bxe7 Qxe7 14. Re1 Qd6 15. Ne4 Qe7 16. Nc3 Qd6 17. a4 Bd7 18. Ne4 Qb4 19. Nc5 Rfc8 20. Bxd5 Rxc5 21. dxc5 Nxd5 22. b3 1-0